The public service of Malaysia : Some reflections on quality productivity and discipline

Bibliographic Details
Main Author: AHMAD Sarji bin Abdul Hamid 1938-
Format: Book
Published: Kuala Lumpur : Unit Pemodenan dan Pentadbiran Malaysia(MAMPU) , 1992
Subjects:

MARC

LEADER 00000cam a2200000 7i4500
001 0000000184
005 20000713.0
020 0 0 |a 9839827006 
090 0 0 |a 354.595006   |b AHM 1992 
100 0 0 |a AHMAD Sarji bin Abdul Hamid   |f Tan Sri Dato' Seri   |c 1938- 
245 1 4 |a The public service of Malaysia :   |b Some reflections on quality productivity and discipline   |c Ahmad Sarji bin Abdul Hamid 
260 0 0 |a Kuala Lumpur :   |b Unit Pemodenan dan Pentadbiran Malaysia(MAMPU) ,   |c 1992 
300 |a xv, 355 p. ;   |c 21 cm. 
650 0 0 |a Civil service ethics   |z Malaysia 
650 0 0 |a Civil service   |z Malaysia 
650 0 0 |a Public administration   |z Malaysia 
999 |a 0000001361   |b Monograph   |c Open Shelf   |e Default branch